000 00672nam a2200229 a 4500
008
020 _a0863411657 (hbk.)
090 _aTK7874.75
100 1 _aMassara, R. E.
245 0 _a Design & Test Techniques for VLSI & WSI circuits/
_c R E Massara
260 _aLondon. :
_bPeter Peregrinus,
_c1989
300 _avi,315p. :
_bill. ;
_c24cm.
440 _aIEE Computing series 15.
500 _aIncludes index
504 _aIncludes Bibliographical references.
907 _a.b10175180
_b14-09-05
_c12-09-05
003
005 20230123134107.0
040 _cNUST
049 _aMAIN
942 _cBOOKS
_kTK7874.75
999 _c159922
_d159922